Sucedió en la U.R.S.S. / (Record no. 148858)

MARC details
000 -LEADER
campo de control de longitud fija 00538nam a2200169 4500
001 - NÚMERO DE CONTROL
campo de control 148858
003 - IDENTIFICADOR DE NÚMERO DE CONTROL
campo de control ES-MaACL
007 - CAMPO FIJO DE DESCRIPCIÓN FÍSICA--INFORMACIÓN GENERAL
campo de control de longitud fija t|
008 - DATOS DE LONGITUD FIJA--INFORMACIÓN GENERAL
campo de control de longitud fija 070214s1945 sp r ||||1| spa d
245 00 - MENCIÓN DEL TÍTULO
Título Sucedió en la U.R.S.S. /
Mención de responsabilidad, etc. Sergio Kostineff [et al.] ; prólogo de Luis Ponde de León ; epílogo de Mauricio Karl.
260 ## - PUBLICACIÓN, DISTRIBUCIÓN, ETC.
Lugar de publicación, distribución, etc. Madrid :
Nombre del editor, distribuidor, etc. Nos Editor,
Fecha de publicación, distribución, etc. 1945.
300 ## - DESCRIPCIÓN FÍSICA
Extensión 331 p. ;
Dimensiones 22 cm.
700 1# - ENTRADA AGREGADA--NOMBRE PERSONAL
Nombre de persona Kostineff, Sergio.
9 (RLIN) 68645
700 1# - ENTRADA AGREGADA--NOMBRE PERSONAL
Nombre de persona Ponde de León, Luis.
9 (RLIN) 92972
700 1# - ENTRADA AGREGADA--NOMBRE PERSONAL
Nombre de persona Karl, Mauricio.
9 (RLIN) 67562
852 ## - LOCALIZACIÓN
Ubicación ES-MaACL
Número de control de estantería B-9557
Holdings
Estatus retirado Estado de pérdida Estado de daño No para préstamo Biblioteca de origen Biblioteca actual Ubicación en estantería Fecha de adquisición Fuente de adquisición Total de préstamos Signatura topográfica completa Código de barras Visto por última vez Precio de reemplazo Tipo de ítem Koha
        Biblioteca del Ateneo de Madrid Biblioteca del Ateneo de Madrid Sala Pardo Bazán 17/01/2008     B-9557 1155341 23/02/2023 23/02/2023 Libro impreso